UM Logo

Economic environment of international business / (Record no. 8249)

MARC details
000 -LEADER
fixed length control field 00729nam a2200193 4500
008 - FIXED-LENGTH DATA ELEMENTS--GENERAL INFORMATION
fixed length control field 180105b xxu||||| |||| 00| 0 eng d
020 ## - INTERNATIONAL STANDARD BOOK NUMBER
International Standard Book Number 0132243296
082 ## - DEWEY DECIMAL CLASSIFICATION NUMBER
Edition number 1981
Classification number DC 338.88
Item number V59
100 ## - MAIN ENTRY--PERSONAL NAME
9 (RLIN) 25522
Personal name Vernon, Raymond, author.
245 ## - TITLE STATEMENT
Title Economic environment of international business /
Statement of responsibility, etc. Raymond Vernon, Louis T. Wells, Jr.
250 ## - EDITION STATEMENT
Edition statement Third edition.
260 ## - PUBLICATION, DISTRIBUTION, ETC. (IMPRINT)
Place of publication, distribution, etc. Englewood Cliffs, N.J. :
Name of publisher, distributor, etc. Prentice-Hall,
Date of publication, distribution, etc. ©1981.
300 ## - PHYSICAL DESCRIPTION
Extent x, 246 pages :
Other physical details illustrations ;
Dimensions 23 cm.
500 ## - GENERAL NOTE
General note Includes bibliographies and index
650 #0 - SUBJECT ADDED ENTRY--TOPICAL TERM
9 (RLIN) 25523
Topical term or geographic name as entry element International business enterprises
General subdivision Management
650 #0 - SUBJECT ADDED ENTRY--TOPICAL TERM
9 (RLIN) 25524
Topical term or geographic name as entry element International economic relations
700 ## - ADDED ENTRY--PERSONAL NAME
9 (RLIN) 25525
Personal name Wells, Louis T., author.
942 ## - ADDED ENTRY ELEMENTS (KOHA)
Source of classification or shelving scheme Dewey Decimal Classification
Koha item type Circulation
Holdings
Withdrawn status Lost status Source of classification or shelving scheme Damaged status Not for loan Collection code Home library Current library Date acquired Source of acquisition Total Checkouts Full call number Barcode Date last seen Price effective from Koha item type
    Dewey Decimal Classification     Circulation UM Digos College - LIC UM Digos College - LIC 04/28/2004 Purchased   DC 338.88 V59 1981 17054 05/15/2025 01/05/2018 Circulation